| 000 | 01142nam a2200277 i 4500 | ||
|---|---|---|---|
| 001 | 154139 | ||
| 003 | ES-MaACL | ||
| 005 | 20251005063121.0 | ||
| 008 | 990708s1772 fr a |||| | fre d | ||
| 040 |
_aCLM _bspa _cCLM |
||
| 100 | 1 |
_aFougeroux de Bondaroy, Auguste-Denis, _d1732-1790 _9127122 |
|
| 245 | 1 | 2 |
_aL'art du coutelier en ouvrages communs / _cpar M. Fougeroux de Bondaroy. |
| 260 |
_a[Paris] : _bde l'Imp. de L.F. Delatour, _c1772. |
||
| 300 |
_aIV, 58 p., VII h. de grab. ; _cFol. (44 cm) |
||
| 490 | 1 | _aDescriptions des arts et métiers faites ou approuvées par Messieurs de l'Académie Royale des Sciences | |
| 530 | _aDisponible en formato digital. | ||
| 596 | _aDatos de imp. tomados de colofón. | ||
| 597 | _aSign.: [ ]2, A-O2, Pp1. | ||
| 597 | _aAntep. | ||
| 599 | _aLas h. de grab. son calc. | ||
| 650 | 4 |
_aCuchillería- _vObras anteriores a 1800. _9153978 |
|
| 830 | 0 | 0 |
_aDescriptions des arts et métiers _9241750 |
| 852 |
_aES-MaACL _jR-49 _z- Enc. hol. _x Olim : C-10827-70 |
||
| 856 |
_uhttp://gallica.bnf.fr/ark:/12148/bpt6k1065608r?rk=21459;2 _zBNF-Gallica |
||
| 999 |
_c154139 _d154139 |
||